00675nam a2200241 a 4500001001300000003000900013005001700022008004100039020001000080082001600090100002100106245005400127260003600181300000800217500003500225505001400260650001200274700002100286902000800307942000700315952009600322999001500418nice12345678IN_TiNIC20260116011517.0050524s1936 amra grp 000 0 eng  ac10000a294.6bSIN3 aSingh, Brijindra aShri Guru Arjuna Devb the Poet and the Organizer aAmritsarbBazar Mai Sewanc1936 a52p aincludes index and biblioraphy2 areference aSikhism1 aSingh, Brijindra bSRS cBK 00104070aHMIbHMId2007-07-26g100.00l0o294.6 SIN3p4871r2007-07-26w2026-01-16yARB c2172d2172